|
|
|
|
| LEADER |
00000nam2a2200000 4500 |
| 001 |
43854 |
| 005 |
20231101210836.0 |
| 010 |
|
|
|a 0471080799
|
| 010 |
|
|
|a 5-247-02121-5
|
| 010 |
|
|
|a 5-247-02122-3
|
| 035 |
|
|
|a (RuTPU)RU\TPU\book\45453
|
| 090 |
|
|
|a 43854
|
| 100 |
|
|
|a 20021028d1990 k y0rusy50 ca
|
| 101 |
1 |
|
|a rus
|c eng
|
| 102 |
|
|
|a RU
|
| 105 |
|
|
|a a z 001zy
|
| 200 |
0 |
|
|a Кн. 1
|
| 210 |
|
|
|d 1990
|
| 215 |
|
|
|a 319 с.
|c ил.
|
| 320 |
|
|
|a Библиогр.: с. 317-319.
|
| 461 |
|
1 |
|0 (RuTPU)RU\TPU\book\45452
|t Статистический анализ данных в геологии
|o пер. с англ.
|o В 2-х кн.
|f Дж. С. Дэвис (Девис)
|g под ред. Д. А. Родионова ; пер. В. А. Голубевой
|v Кн. 1
|d 1990
|
| 606 |
1 |
|
|a Геология
|x Статистические методы
|2 stltpush
|3 (RuTPU)RU\TPU\subj\6107
|9 34066
|
| 610 |
1 |
|
|a математическая статистика
|
| 610 |
1 |
|
|a статистический анализ
|
| 610 |
1 |
|
|a геологические исследования
|
| 610 |
1 |
|
|a данные
|
| 610 |
1 |
|
|a гипотезы
|
| 610 |
1 |
|
|a обработка
|
| 675 |
|
|
|a 55:519.2
|v 3
|
| 801 |
|
1 |
|a RU
|b 63413507
|c 20021028
|g PSBO
|
| 801 |
|
2 |
|a RU
|b 63413507
|c 20181018
|g PSBO
|
| 900 |
|
|
|a Математические методы моделирования в геологии
|
| 900 |
|
|
|a Геоинформационные технологии
|
| 942 |
|
|
|c BK
|